03272cam a22003495a 4500999001700000001000900017005001700026008004100043010001700084020003800101040003300139042000800172082002100180100002600201240002400227245008100251250001200332260006700344300002600411500007100437504005300508505061200561520135301173650003102526650005102557651001002608653002502618655001702643942000802660952012702668952012702795 c27003d269751997525120181115123720.0170905t2018 cau frb 001 0 eng d a 2017040835 a9781506336169 (pbk. : alk. paper) aDLCbengcDLCdDLCdEG-ScBUE apcc04a300.722bYIN2221 aYin, Robert K.94194010aCase study research10aCase study research and applications :bdesign and methods /cRobert K. Yin. a6th ed. aThousand Oaks, California :bSAGE Publications, Inc.,cc.2018. axxx, 319 p. ;c23 cm. aEarlier editions called: Case study research : design and methods. aIncludes bibliographical references and indexes.0 aForeword / Donald T. Campbell -- Preface -- Getting started : how to know whether and when to use the case study as a research method -- Designing case studies : identifying your case(s) and establishing the logic of your case study -- Preparing to collect case study evidence : what you need to do before starting to collect case study data -- Collecting case study evidence : the principles you should follow in working with six sources of evidence -- Analyzing case study evidence : how to start your analysis, your analytic choices, and how they work -- Reporting case studies : how and what to compose. a"[This book] provides a complete portal to the world of case study research. With the integration of 11 applications in this edition, the book gives readers access to ... case studies drawn from a wide variety of academic and applied fields. Ultimately, [this book] will guide students in the ... design and use of the case study research method. New to this edition: includes 11 in-depth applications that show how researchers have implemented case study methods successfully; increases reference to relativist and constructivist approaches to case study research, as well as how case studies can be part of mixed methods projects; places greater emphasis on using plausible rival explanations to bolster case study quality; discusses synthesizing findings across case studies in a multiple-case study in more detail; adds an expanded list of 15 fields that have text or texts devoted to case study research; and sharpens discussion of distinguishing research from non-research case studies. The author brings to light at least three remaining gaps to be filled in the future: how rival explanations can become more routinely integrated into all case study research; the difference between case-based and variable-based approaches to designing and analyzing case studies; and the relationship between case study research and qualitative research." 7aCase method.2BUEsh934827 7aSocial sciencesxResearchxMethodology.2BUEsh 2BUEsh bBUSADMcNovember2018 vReading book 2ddc 00102ddc40708BaccahaMAINbMAINc1STd2018-11-15ePurchaseg850.00l0o300.722 YINp000043960r2025-07-15 00:00:00yNB 00102ddc40708BaccahaMAINbMAINc1STd2018-11-15ePurchaseg850.00l0o300.722 YINp000043961r2025-07-15 00:00:00yBB